00682nam a2200181 i 4500001000300000245013700003250002500140260003000165300003000195650003700225655001300262710005300275040000800328041000800336080001700344008004100361856009800402bg00aKatalog maszyn rolniczych :bproducenci, dystrybutorzy [dokument elektroniczny] /cInstytut Mechanizacji i Elektryfikacji Rolnictwa. awersja popr. i uzup. aWarszawa :bIBMER,c2005. a1 dysk optyczny [CD ROM]. 9aRolnictwoxnarzędzia i maszyny aKatalogi0 aInstytut Mechanizacji i Elektryfikacji Rolnictwa cBPK0 apol a631.3(085.2) s pl f |000 0 pol  uhttp://koha.tu.koszalin.pl/cgi-bin/koha/opac-detail.pl?biblionumber=24052yKatalog online BPK